00278nam a2200121Ia 4500008004100000100001400041245002400055260003200079300000900111650001200120942000700132999001700139190216s9999||||xx |||||||||||||| ||und|| aMondal Cr 0aClassical Mechanics bPentice Hall Of Indiac2002 a158p aPhysics cBK c33716d33716